The Japanese firm : The sources of competitive strength

A collection of interdisciplinary studies on Japanese firms, examining their diverse structures and management practices, and discussing the sources, complexity, and transferability of their competitive strength.

Sparad:
Bibliografiska uppgifter
Övriga upphovsmän: Aoki, Masahiko (Utgivare, redaktör, sammanställare), Dore, Ronald (Utgivare, redaktör, sammanställare)
Materialtyp: Bok
Språk:Vietnamese
Publicerad: Oxford Oxford University Press 2008
Ämnen:
Taggar: Lägg till en tagg
Inga taggar, Lägg till första taggen!
Thư viện lưu trữ: Thư viện Trường Đại học Nam Cần Thơ
LEADER 01012nam a22002057a 4500
001 NCT_4_027018
008 251010b xxu||||| |||| 00| 0 vie d
999 |c 9341  |d 9341 
020 |a 9780198292159  |c $176.38 
082 0 4 |2 23rd ed.  |a 338.7  |b J11F 
245 0 4 |a The Japanese firm :   |b The sources of competitive strength  |c edited by Masahiko Aoki and Ronald Dore 
260 |a Oxford  |b Oxford University Press  |c 2008 
300 |a xi, 410 p.  |b ill.  |c 24 cm 
520 3 |a A collection of interdisciplinary studies on Japanese firms, examining their diverse structures and management practices, and discussing the sources, complexity, and transferability of their competitive strength. 
653 |a Quản trị kinh doanh 
700 1 |a Aoki, Masahiko  |e editor 
700 1 |a Dore, Ronald  |e editor 
942 |2 ddc  |c BK 
952 |0 0  |1 0  |2 ddc  |4 0  |6 338_700000000000000_J11F  |7 0  |9 31475  |a 000001  |b 000001  |d 2025-10-10  |o 338.7 J11F  |p MD.24479  |r 2025-10-10  |v 176.38  |w 2025-10-10  |y BK 
980 |a Thư viện Trường Đại học Nam Cần Thơ